000 00447nam a22001697a 4500
005 20251108173004.0
008 250721s2004 xx 000 0 ara d
082 1 4 _a530/خلف
100 1 _aخلف، علي
245 1 0 _aعالم الفيزياء /
264 1 _aبيروت :
_bدار العلوم العربية،
_c2004.
300 _a158 ص
650 1 7 _aالفيزياء
650 1 7 _aالأشعة
942 _2ddc
_cBK
999 _c93472
_d93472